000 00684nam a2200289Ia 4500
005 20260324150438.0
008 008 260324s9999 xx 000 0 eng d
020 _a9781315112114
037 _aEBOOK
040 _aCRL
040 _beng
040 _cCRL
041 _2eng
041 _aeng
084 _qCRL
100 _aLiam Hudson
_91226120
245 0 _aContrary Imaginations
245 2 _bA Psychological Study of the English Schoolboy
260 _bTaylor and Francis
260 _c1966
365 _a
365 _b170
856 _uhttp://www.taylorfrancis.com/books/9781315112114
942 _cEBOOK
999 _c1835903
_d1835903